Salud, enfermedad y muerte de los niños en América Latina /

El propósito del artículo es observa lo que esta sucediendo en América Latina con la mortalidad infantil y sus componentes en particular , verificar si existen tendencias similares a las observadas en los países europeos. Para ello se seleccionó a los tres países de América Latina que tienen la más...

Deskribapen osoa

Gorde:
Xehetasun bibliografikoak
Egile nagusia: Lattes, Alfredo E.
Beste egile batzuk: Farren, Mark, MacDonald, Jane, comps
Formatua: Ezezaguna
Argitaratua: Buenos Aires: CLACSO. IDRC
Gaiak:
Etiketak: Etiketa erantsi
Etiketarik gabe, Izan zaitez lehena erregistro honi etiketa jartzen!

MARC

LEADER 00000 a2200000 04500
001 9337
003
008 991231s d
040
090 |a 132403  
100 |a Lattes, Alfredo E.  
245 |a Salud, enfermedad y muerte de los niños en América Latina /  |c Alfredo E. Lattes 
260 |a Buenos Aires:   |b CLACSO. IDRC  
300 |a 414 p  
520 |a El propósito del artículo es observa lo que esta sucediendo en América Latina con la mortalidad infantil y sus componentes en particular , verificar si existen tendencias similares a las observadas en los países europeos. Para ello se seleccionó a los tres países de América Latina que tienen la más baja mortalidad infantil y que, en consecuencia, sol los que más cerca se encuentran de los niveles prevalecientes en Europa: Cuba, Costa Rica y Chile, que además figuran entre los países de la región que disponen de mejores estadísticas vitales. En el estudio se hace un análisis comparativo de los cambios ocurridos en la mortalidad infantil y sus componentes en los países mencionados, completándolo con algunas anotaciones sobre la tendencia observada en los últimos años en la mortalidad según causas y muerte. Se estudian los siguientes temas: tendencias de la mortalidad infantil, neonatal y postneonatal 1960-1984 y perspectivas de reducción de la mortalidad. HMBQ/HMBQ  
650 |a MORTALIDAD INFANTIL  
650 |a POBLACION  
650 |a DEMOGRAFIA  
650 |a SALUD  
650 |a CONDICIONES DE SALUD  
650 |a EDUCACION SANITARIA  
650 |a FINANCIAMIENTO  
650 |a MORTALIDAD INFANTIL  
700 |a Farren, Mark  
700 |a MacDonald, Jane  
700 |a comps  
999 |c 13472  |d 13472